Statistics for College Logos A-Z 3

Click here to take the quiz!

General Stats

  • This quiz has been taken 185 times
  • The average score is 17 of 25

Answer Stats

Answer% Correct
Auburn
98%
Indiana
89%
Houston
88%
West Virginia
88%
Georgia Tech
87%
Nebraska
87%
Virginia Tech
87%
Tennessee
86%
USC
86%
Xavier
86%
Minnesota
85%
California Los Angeles
76%
James Madison
76%
Rhode Island
76%
Akron
73%
Chattanooga
58%
Kent State
58%
Penn
58%
Elon
44%
Louisville
41%
Youngstown State
41%
Drake
40%
Bradley
38%
Cal State Fullerton
37%
Omaha
36%

Score Distribution

Percentile by Number Answered

Percent of People with Each Score

Your Score History

You have not taken this quiz